000
00288nam a2200133Ia 4500
008
231129s1991||||xx |||||||||||||| ||spa||
040
_b
spa
082
_a
E863.64 o77c
100
_a
Ortega Emilio
245
0
_a
Cita en el arbol
260
_c
1991
264
_a
Edilux
942
_2
ddc
_c
BKS
999
_c
7030
_d
7030